Death, dying and bereavement

Αποθηκεύτηκε σε:
Λεπτομέρειες βιβλιογραφικής εγγραφής
Άλλοι συγγραφείς: Dickenson, Donna (edtf), Johnson, Malcolm (Επιμελητής έκδοσης)
Μορφή: Βιβλίο
Γλώσσα:English
Δημοσίευση: London : Sage, c1995.
Θέματα:
Ετικέτες: Προσθήκη ετικέτας
Δεν υπάρχουν, Καταχωρήστε ετικέτα πρώτοι!

MARC

LEADER 00000cam a2200000 i 4500
001 1/102123
008 951009s1995 eng d
020 |a 0-8039-8797-8 
035 |l 10012376 
040 |a GR-MY-UA  |b gre  |e aacr 
041 0 |a eng 
082 0 |a 306.9 
245 1 0 |a Death, dying and bereavement /   |c edited by Donna Dickenson and Malcolm Johnson.  
260 |a London :   |b Sage,   |c c1995.  
300 |a 321 σ.  
504 |a Περιλαμβάνει ευρετήριο.  
650 0 0 |a Death  |x Social aspects  |z Great Britain. 
650 0 0 |a Terminal care  |z Great Britain. 
650 0 0 |a Medical ethics  |z Great Britain. 
650 0 0 |a Bereavement. 
700 0 |a Dickenson, Donna,  |e edtf 
700 0 |a Johnson, Malcolm,  |e edt 
852 |a INST  |b LESVOS  |e 19951009  |h 306.9 DEA  |p 005100010774  |q 005100010774  |t BK  |y 0 
901 |a BIBL-1998-2 
909 |a Λ  |b 040851 
922 |a 1ΕΛΗ  |b 199504  |c ΠΑΡΑΔΕΛΛΗΣ  |d ΚΩΣΤΑΡΑΚΗΣ 
950 |a 020-1995-02-23